000 00571nam a2200205Ia 4500
003 GCL
008 140319s9999 xx 000 0 eng d
040 _aGCL /
_cGCL
082 0 4 _a323.1196073
_bK R
100 1 _aKAPVR, SADARSHAN
245 1 0 _aRAISING UP A PROPHET: THE AFRICAN AMERICAN ENCOVNTER WITH GANDHI /
_cKAPVR, SADARSHAN
260 _a[S.N] :
_bBEACON PRESS ،
_c1992
300 _a222 P
650 0 4 _aAFRO - AMERICANS
650 0 4 _aGANDHI, MAHATMA
650 0 4 _aUNITED STATES
650 0 4 _aINDIA - HISTORY
650 0 4 _aCIVIL RIGHTS
942 _2ddc
_cBK
999 _c19133
_d19133